[Event "Ostrava op-B"]
[Site "Ostrava"]
[Date "2003.05.10"]
[Round "9"]
[White "Czorniak, Frantisek"]
[Black "Bok, Tomas"]
[Result "1-0"]
[WhiteElo "1770"]
[BlackElo "1767"]
[PlyCount "115"]
[EventDate "2003.05.03"]
[EventType "swiss"]
[EventRounds "10"]
[EventCountry "CZE"]
[SourceTitle "EXT 2006"]
[Source "ChessBase"]
[SourceDate "2005.11.24"]
[SourceVersion "1"]
[SourceVersionDate "2005.11.24"]
[SourceQuality "1"]

1. e4 e6 2. d4 c6 3. Nf3 d5 4. e5 Be7 5. Bd3 h6 6. c3 Bd7 7. 0-0 Qb6 8. Qb3 Qxb3 9. axb3 a6 10. b4 b6 11. Be3 b5 12. Nbd2 Bd8 13. Nb3 Bb6 14. h4 Ne7 15. g4 Bc8 16. Kg2 Nd7 17. Rh1 f5 18. exf6 gxf6 19. Kf1 e5 20. Nh2 e4 21. Be2 f5 22. gxf5 Nxf5 23. Bh5+ Ke7 24. Ke2 Nf6 25. Bg4 Nxg4 26. Nxg4 Nxd4+ 27. Nxd4 Bxg4+ 28. Kd2 Kd7 29. Nb3 Bxe3+ 30. fxe3 Rhf8 31. Rh2 Kc7 32. Nc5 Rf3 33. Rxa6 Rxa6 34. Nxa6+ Kd6 35. Nc5 h5 36. Nb3 Rf1 37. Nd4 Rd1+ 38. Kc2 Rd3 39. Rf2 Rxe3 40. Rf6+ Kd7 41. Nxc6 Re2+ 42. Kc1 Rh2 43. Nd4 e3 44. Rf1 Rxh4 45. Re1 Rh3 46. Nxb5 Ke6 47. Nd4+ Ke5 48. Kc2 Ke4 49. b5 Rh2+ 50. Kc1 Rf2 51. Nc2 Rxc2+ 52. Kxc2 Kf3 53. b6 Bc8 54. Rh1 Kf2 55. Rxh5 e2 56. Rh2+ Kf1 57. Rh1+ Kf2 58. Kd2 1-0

[Event "Ostrava op-B"]
[Site "Ostrava"]
[Date "2003.05.08"]
[Round "7"]
[White "Czorniak, Frantisek"]
[Black "Dubinsky, Ladislav"]
[Result "1-0"]
[WhiteElo "1770"]
[BlackElo "1658"]
[PlyCount "105"]
[EventDate "2003.05.03"]
[EventType "swiss"]
[EventRounds "10"]
[EventCountry "CZE"]
[SourceTitle "EXT 2006"]
[Source "ChessBase"]
[SourceDate "2005.11.24"]
[SourceVersion "1"]
[SourceVersionDate "2005.11.24"]
[SourceQuality "1"]

1. e4 e5 2. Nf3 Nc6 3. d4 exd4 4. Nxd4 Bc5 5. Nxc6 Qf6 6. f3 Qxc6 7. Bd3 Ne7 8. Qe2 0-0 9. Be3 Bxe3 10. Qxe3 d5 11. 0-0 Qb6 12. Qxb6 axb6 13. Nc3 dxe4 14. Nxe4 Be6 15. a3 h6 16. Rad1 Nd5 17. Rfe1 Nf4 18. Nf2 c5 19. Be4 Rab8 20. g3 Nh5 21. Rd6 Nf6 22. Rxb6 Nxe4 23. Nxe4 Rfc8 24. Kf2 Rc7 25. Nc3 Rd8 26. Rd1 Rcd7 27. Rxd7 Rxd7 28. Ke3 Kf8 29. Ne4 Rc7 30. Nd6 Bd5 31. c4 Re7+ 32. Kf2 Bc6 33. Nf5 Rd7 34. h4 h5 35. Rb3 g6 36. Ne3 Rd2+ 37. Ke1 Rh2 38. Nd5 Rc2 39. Ne3 Rh2 40. Nf1 Rc2 41. Nd2 Rc1+ 42. Kf2 Rc2 43. Ke3 Rc1 44. Rd3 Re1+ 45. Kf2 Re6 46. b4 cxb4 47. axb4 b5 48. c5 Ke7 49. Re3 f5 50. Nb3 Rxe3 51. Kxe3 Bd5 52. Nd4 Bc4 53. Kf4 1-0

[Event "Ostrava op-B"]
[Site "Ostrava"]
[Date "2003.05.06"]
[Round "5"]
[White "Czorniak, Frantisek"]
[Black "Lechner, Miroslav"]
[Result "1-0"]
[WhiteElo "1770"]
[BlackElo "1636"]
[PlyCount "100"]
[EventDate "2003.05.03"]
[EventType "swiss"]
[EventRounds "10"]
[EventCountry "CZE"]
[SourceTitle "EXT 2006"]
[Source "ChessBase"]
[SourceDate "2005.11.24"]
[SourceVersion "1"]
[SourceVersionDate "2005.11.24"]
[SourceQuality "1"]

1. e4 c5 2. Nf3 e6 3. d4 cxd4 4. Nxd4 Nc6 5. c3 Nf6 6. Bg5 Be7 7. Nxc6 bxc6 8. Nd2 h6 9. Be3 d5 10. exd5 cxd5 11. Bb5+ Bd7 12. Qa4 Bxb5 13. Qxb5+ Qd7 14. Qxd7+ Nxd7 15. Nb3 0-0 16. Rd1 Rfc8 17. Bc1 Nb6 18. 0-0 Nc4 19. Rfe1 Bd6 20. g3 Rab8 21. Re2 a5 22. Nd4 a4 23. b3 axb3 24. axb3 Na5 25. c4 Nxb3 26. Nxb3 dxc4 27. Rxd6 cxb3 28. Bb2 Rc2 29. Rdd2 Rbc8 30. f4 g5 31. fxg5 hxg5 32. Kf2 f5 33. Ke3 Kf7 34. Rxc2 bxc2 35. Bc1 e5 36. Kd3 e4+ 37. Kd4 Ke6 38. g4 f4 39. Rxe4+ Kf6 40. Re2 Rc6 41. Kd3 Rc8 42. Bb2+ Kg6 43. Rxc2 Rd8+ 44. Ke4 Re8+ 45. Be5 Re6 46. Kd5 Kf7 47. Rc7+ Re7 48. Rxe7+ Kxe7 49. Ke4 Ke6 50. Bd4 Kd6 1-0

[Event "Ostrava op-B"]
[Site "Ostrava"]
[Date "2003.05.04"]
[Round "3"]
[White "Czorniak, Frantisek"]
[Black "Sulc, Jiri"]
[Result "1/2-1/2"]
[WhiteElo "1770"]
[BlackElo "1887"]
[PlyCount "111"]
[EventDate "2003.05.03"]
[EventType "swiss"]
[EventRounds "10"]
[EventCountry "CZE"]
[SourceTitle "EXT 2006"]
[Source "ChessBase"]
[SourceDate "2005.11.24"]
[SourceVersion "1"]
[SourceVersionDate "2005.11.24"]
[SourceQuality "1"]

1. e4 d5 2. exd5 Nf6 3. Nc3 Nxd5 4. Nxd5 Qxd5 5. Qf3 Qd8 6. Bc4 e6 7. Ne2 c5 8. Bb5+ Nd7 9. 0-0 a6 10. Bxd7+ Qxd7 11. d3 Be7 12. Nc3 0-0 13. Rb1 Ra7 14. Be3 b6 15. Qe2 Ra8 16. Ne4 Bb7 17. f3 a5 18. b3 Rad8 19. a4 e5 20. Bf2 f5 21. Nd2 Bf6 22. Nc4 Qc7 23. Bg3 Rfe8 24. Be1 e4 25. fxe4 Bd4+ 26. Bf2 fxe4 27. Bxd4 exd3 28. Qxd3 Rxd4 29. Qf5 Rde4 30. Rbd1 R4e6 31. Rd2 h6 32. Qd3 Bc6 33. Rdf2 b5 34. axb5 Bxb5 35. Qd5 Kh7 36. Qd3+ Rg6 37. h4 Qg3 38. Qxg3 Rxg3 39. Rf4 a4 40. bxa4 Bxa4 41. R1f2 Rc3 42. Nd6 Re1+ 43. Kh2 Bxc2 44. Rc4 Rxc4 45. Nxc4 Bd3 46. Nb2 c4 47. Nxd3 cxd3 48. Rd2 Re3 49. Kg1 Kg6 50. Kf2 Re2+ 51. Rxe2 dxe2 52. Kxe2 Kh5 53. g3 Kg4 54. Kf2 g6 55. Kg2 g5 56. Kh2 1/2-1/2